000 00318 a2200109 4500
001 ART_45244
005 20260410161756.0
008 260409a
245 1 0 _aTratamiento de la renta de fuente extranjera
100 1 _aVolman, Mario
773 0 _tDoctrina tributaria
_g- NÂș 453 (dic. 2017)
_wREV4296
999 _c20140
_d20140